000 00611nam a2200217 i 4500
001 129421
003 ES-MaACL
005 20260525062932.0
007 t|
008 070614s1957 sp |||| | spa d
100 0 _aTeresa de Jesús,
_cSanta,
_d1515-1582
_9226510
245 1 4 _aLas moradas /
_cSanta Teresa de Jesús.
250 _a6ª ed.
260 _a[Madrid] :
_bEspasa-Calpe,
_c1957.
300 _a178 p. :
_bil. ;
_c17 cm.
490 1 _aColección Austral ;
_v86
650 _aMisticismo.
_915086
830 0 _aColección austral
_v86
_9177655
852 _aES-MaACL
_jC-13480
999 _c129421
_d129421